006400000a220009700045001000020000002450052000203000049000725000087001215200289002087730045004971 aJunca, Humberto10aEse otro que nos asusta : Arte colombo-mexicano aVol.0, núm.13 (Octubre, 2006), Página 46 aArtista y profesor de arte de las universidades Jorge Tadeo Lozano y de los Andes. aDentro del Programa Nacional de Estímulos a la Creación e investigación en las Artes de MinCultura, se está llevando a cabo desde 1998 un intercambio de residencias artísticas. Arcadia aprovecho la coincidencia en Bogotá de dos de las ganadoras de este año. Crónica.0 tArcadia / Andrés Felipe Solano, Editor